000 00881nam a2200205Ii 4500
003 JO-AjNU
008 230605s9999||||xx |||||||||||||| ||und||
017 _a87/4506
040 _aJO-AjNU
_bara
_erda
_cJO-AjNU
041 _aara
050 1 4 _aBP172.I2672 1987
100 3 _aابن قيم الجوزية، شمس الدين محمد بن أبي بكر ؛ تقديم وتحقيق وتعليق أحمد حجازي السقا,
_eauthor
_956469
245 0 0 _aهداية الحيارى في أجوبة اليهود والنصارى
264 3 1 _aالقاهرة: المكتبة القيمة للطباعة والنشر، 1987
300 _a294ص
336 _atext
_btxt
_2rdacontent
337 _aunmediated
_bn
_2rdamedia
338 _avolume
_bnc
_2rdacarrier
650 4 _aالاسلام- دفع مطاعن- الاسلام والمسيحية- الاسلام واليهود
_956470
999 _aA25247
_c28815
_d28815